000 00633nam a2200205Ii 4500
001 8393
003 CO-ViMGA
008 241108s9999||||xx |||||||||||||| ||und||
040 _aCO-ViMGA
_bspa
_erda
_cCO-ViMGA
041 0 _aunk
084 _aN CAI2no
100 1 _aCecilia Caicedo de Cajigas
_953928
245 1 0 _aLa novela en el departamento de NariƱo
264 1 _a[Lugar de publicación no identificado] : Instituto Caro y Cuervo, 1990
300 _avolumen
336 _atext
_btxt
_2rdacontent
337 _aunmediated
_bn
_2rdamedia
338 _avolume
_bnc
_2rdacarrier
940 _aidficha_siabuc: 8202. -- ficha_no_siabuc:8393
999 _c50729
_d50729